00975nam a22002057a 450000500170000000700150001700800410003202000220007303500100009504000090010510000230011424501890013725600240032630000280035050602700037865000260064870000160067474000380069085600410072820240305165643.0cr|||| |||| 221012s2022 pe |||||s|||| 00||0 spa d a978-612-4460-47-0 a37395 avLex1 aRíos Patio, Gino10aCriminología de la seguridadh[Recurso electrónico] :bHerramientas estratégicas basadas en casos reales, modelos comparados y buenas prácticas /cGino Ríos Patio, Wael Hikal aServicio en línea a1 recurso electrónico1 aDisponible solo en los productos indicadosdvLex GlobaldvLex Global (Academic Edition, excluding Law Schools)dvLex Global (U.S. Academic Edition, Law Schools)dvLex Global (U.S. Academic Edition, excluding Law Schools)dvLex Global (Academic Edition, Law Schools)04aDerecho PenalzPerú1 aHikal, Wael0 avLex Libros (Servicio en línea)40uhttps://app.vlex.com/#/sources/37395